[Event "Gibtelecom Festival 2010 - Challengers"]
[Site "Gibraltar ENG"]
[Date "2010.01.30"]
[Round "5.32"]
[White "Loerke, Reinhard"]
[Black "Plater, Ronald"]
[Result "1-0"]
[WhiteElo "1981"]
[BlackElo "1904"]
[PlyCount "35"]
[EventDate "2010.01.26"]
[EventType "swiss"]
[EventRounds "5"]
[EventCountry "ENG"]
[Source "lmi"]
[SourceDate "2010.01.26"]

1. e4 c5 2. Nc3 Nc6 3. f4 d6 4. Nf3 Nf6 5. Bc4 e6 6. d3 Be7 7. O-O O-O 8. Qe1
d5 9. Bb3 a6 10. e5 Ne8 11. a4 Rb8 12. Qg3 Kh8 13. f5 b5 14. Ng5 c4 15. f6 gxf6
16. Nxh7 Rg8 17. Qh3 Rg7 18. Nxf6+ 1-0

[Event "Gibtelecom Festival 2010 - Challengers"]
[Site "Gibraltar ENG"]
[Date "2010.01.30"]
[Round "5.33"]
[White "Savage, Neil"]
[Black "Bauer, Peter"]
[Result "1/2-1/2"]
[WhiteElo "1755"]
[BlackElo "1944"]
[PlyCount "75"]
[EventDate "2010.01.26"]
[EventType "swiss"]
[EventRounds "5"]
[EventCountry "ENG"]
[Source "lmi"]
[SourceDate "2010.01.26"]

1. c4 Nf6 2. Nc3 g6 3. e4 d6 4. Nf3 Bg7 5. Be2 O-O 6. O-O c5 7. d4 Nbd7 8. Bg5
h6 9. Bxf6 Bxf6 10. Qd2 Kh7 11. Rad1 cxd4 12. Nxd4 Nc5 13. Rfe1 Ne6 14. Nf3 b6
15. h3 Bb7 16. Nh2 Bxc3 17. Qxc3 Bxe4 18. Bg4 Bf5 19. Bxf5 gxf5 20. Rd5 Ng7 21.
Qd3 Qd7 22. Ng4 Rad8 23. Rd1 Qe6 24. Ne3 Qg6 25. Nxf5 e6 26. Nh4 Qxd3 27. R5xd3
Ne8 28. Nf3 Rc8 29. b3 Rc5 30. Nd4 d5 31. cxd5 Rxd5 32. Nc6 Rc5 33. Nd4 Nf6 34.
R1d2 Rd8 35. Nf3 Rxd3 36. Rxd3 Rc1+ 37. Kh2 Nd5 38. Rd2 1/2-1/2

[Event "Gibtelecom Festival 2010 - Challengers"]
[Site "Gibraltar ENG"]
[Date "2010.01.30"]
[Round "5.34"]
[White "Moreno Cervera, Jose Luis"]
[Black "Wright, Jonathan"]
[Result "1-0"]
[WhiteElo "1929"]
[BlackElo "1808"]
[PlyCount "39"]
[EventDate "2010.01.26"]
[EventType "swiss"]
[EventRounds "5"]
[EventCountry "ENG"]
[Source "lmi"]
[SourceDate "2010.01.26"]

1. d4 Nf6 2. Bf4 g6 3. e3 Bg7 4. Nf3 O-O 5. Be2 d6 6. O-O Nbd7 7. h3 c5 8. c3
Rb8 9. a4 Qc7 10. Nbd2 Re8 11. Qb1 a6 12. a5 b5 13. axb6 Nxb6 14. e4 Bd7 15.
Rxa6 Na4 16. Qa1 cxd4 17. cxd4 Nh5 18. Be3 Nxb2 19. Ra7 Qd8 20. Rb1 1-0

[Event "Gibtelecom Festival 2010 - Challengers"]
[Site "Gibraltar ENG"]
[Date "2010.01.30"]
[Round "5.35"]
[White "Gravett, Alan D"]
[Black "Bishop, Geoffrey L"]
[Result "0-1"]
[WhiteElo "1926"]
[BlackElo "1851"]
[PlyCount "93"]
[EventDate "2010.01.26"]
[EventType "swiss"]
[EventRounds "5"]
[EventCountry "ENG"]
[Source "lmi"]
[SourceDate "2010.01.26"]

1. g3 Nf6 2. Bg2 e5 3. Nf3 e4 4. Nd4 d5 5. O-O Nc6 6. Nxc6 bxc6 7. d3 exd3 8.
cxd3 Be7 9. Qc2 Bb7 10. Nc3 O-O 11. e4 Rb8 12. Na4 Ba8 13. b3 Ng4 14. Bb2 Bf6
15. Bxf6 Nxf6 16. Rac1 Re8 17. Nc5 Qd6 18. Rfd1 d4 19. Bh3 g5 20. Qd2 Re5 21.
b4 a5 22. a3 axb4 23. axb4 g4 24. Bg2 Bb7 25. Ra1 Bc8 26. Ra7 Nd7 27. Nxd7 Bxd7
28. Rb1 Reb5 29. Bf1 Qe5 30. Qf4 Qxf4 31. gxf4 R5b7 32. Rxb7 Rxb7 33. Be2 c5
34. b5 Rxb5 35. Rxb5 Bxb5 36. Kg2 Kg7 37. Kg3 Bd7 38. f5 Bc6 39. Kf4 f6 40. e5
fxe5+ 41. Kxe5 h5 42. Bd1 Kf7 43. Bb3+ Ke7 44. f6+ Kf8 45. Bd5 Bb5 46. Be4 c6
47. Kd6 0-1

[Event "Gibtelecom Festival 2010 - Challengers"]
[Site "Gibraltar ENG"]
[Date "2010.01.30"]
[Round "5.36"]
[White "Grant, David"]
[Black "Hansen, Erle Andrea Marki"]
[Result "0-1"]
[WhiteElo "1913"]
[BlackElo "1699"]
[PlyCount "96"]
[EventDate "2010.01.26"]
[EventType "swiss"]
[EventRounds "5"]
[EventCountry "ENG"]
[Source "lmi"]
[SourceDate "2010.01.26"]

1. e4 c5 2. c3 d5 3. exd5 Qxd5 4. Nf3 Nf6 5. d4 e6 6. Na3 Nc6 7. Nb5 Qd8 8. Bf4
Nd5 9. Bg3 a6 10. Na3 cxd4 11. cxd4 Bb4+ 12. Nd2 Bxa3 13. bxa3 O-O 14. Nb3 Qf6
15. Bd3 h6 16. O-O b6 17. Rc1 Bb7 18. Bb1 Rac8 19. Qd3 g6 20. Qd2 Kh7 21. h4 h5
22. Rfd1 Nce7 23. Qe2 Kg8 24. Nd2 Nc3 25. Rxc3 Rxc3 26. Be4 Nc6 27. Nf3 Qg7 28.
Qd2 Rxa3 29. Qb2 Ra5 30. Rc1 Nxd4 31. Nxd4 Bxe4 32. Qxb6 Rxa2 33. Nxe6 Qf6 34.
Qd4 Qxe6 35. Re1 Re8 36. f3 Qc6 37. Rxe4 Rxe4 38. fxe4 Qe8 39. Bf4 Qf8 40. Bd6
Qd8 41. Qe5 Rc2 42. Be7 Qe8 43. Qd6 Rc6 44. Qa3 Re6 45. Bg5 Rxe4 46. Qxa6 Re1+
47. Kh2 Qe5+ 48. g3 Qb2+ 0-1

[Event "Gibtelecom Festival 2010 - Challengers"]
[Site "Gibraltar ENG"]
[Date "2010.01.30"]
[Round "5.37"]
[White "Annetts, Ivor S"]
[Black "Flanagan, Samuel"]
[Result "0-1"]
[WhiteElo "1848"]
[BlackElo "1787"]
[PlyCount "119"]
[EventDate "2010.01.26"]
[EventType "swiss"]
[EventRounds "5"]
[EventCountry "ENG"]
[Source "lmi"]
[SourceDate "2010.01.26"]

1. e4 c5 2. c3 Nf6 3. e5 Nd5 4. d4 cxd4 5. Nf3 Nc6 6. Bc4 Nb6 7. Bb3 d5 8. exd6
Qxd6 9. cxd4 e6 10. Nc3 Be7 11. O-O a6 12. Re1 O-O 13. Ne4 Qd8 14. Bg5 Nd5 15.
Bxe7 Ncxe7 16. Rc1 Bd7 17. Bc2 g6 18. Qd2 Kg7 19. h4 h6 20. h5 gxh5 21. Ng3 Ng6
22. Nxh5+ Kh7 23. Ne5 f5 24. Nxg6 Kxg6 25. Nf4+ Nxf4 26. Qxf4 Qf6 27. Re3 Rac8
28. Rc3 Rxc3 29. bxc3 Qg5 30. Qxg5+ hxg5 31. Bb3 Kf6 32. Re1 Re8 33. c4 e5 34.
d5 e4 35. Kf1 Ke5 36. Rd1 Rc8 37. Ke2 b5 38. cxb5 Bxb5+ 39. Kd2 Bc4 40. Rc1
Kxd5 41. a3 Kd4 42. Bc2 Rb8 43. Rb1 Rxb1 44. Bxb1 f4 45. Bc2 e3+ 46. fxe3+
fxe3+ 47. Ke1 Kc3 48. Bd1 e2 49. Bxe2 Bxe2 50. Kxe2 a5 51. Kf3 Kb3 52. Kg4 Kxa3
53. Kxg5 Kb4 54. g4 a4 55. Kh6 a3 56. g5 a2 57. g6 a1=Q 58. g7 Qf6+ 59. Kh7 Qf7
60. Kh8 0-1

[Event "Gibtelecom Festival 2010 - Challengers"]
[Site "Gibraltar ENG"]
[Date "2010.01.30"]
[Round "5.38"]
[White "Rough, Robert E"]
[Black "Chidi, Lovinia Sylvia"]
[Result "0-1"]
[WhiteElo "1811"]
[BlackElo "1832"]
[PlyCount "56"]
[EventDate "2010.01.26"]
[EventType "swiss"]
[EventRounds "5"]
[EventCountry "ENG"]
[Source "lmi"]
[SourceDate "2010.01.26"]

1. d4 d5 2. Bf4 Nf6 3. e3 e6 4. Nf3 Bd6 5. Ne5 c5 6. c3 a6 7. Nd2 cxd4 8. exd4
Nc6 9. Bd3 Qc7 10. Qe2 b6 11. Bg3 Bb7 12. O-O h6 13. Rfe1 Bxe5 14. dxe5 Nd7 15.
f4 Nc5 16. Bc2 O-O-O 17. b4 Nd7 18. f5 g5 19. fxg6 fxg6 20. Bxg6 h5 21. Bh4
Rdf8 22. Be7 Nxe7 23. Bxh5 Kb8 24. Rac1 Rf5 25. Bg4 Rxe5 26. Qf2 Rxe1+ 27. Qxe1
Qxh2+ 28. Kf1 Qf4+ 0-1